Nennen Sie die 10 längsten Flüsse der Welt - Sudden Death - Statistiken

Allgemein
  • Dieses Quiz wurde 301 mal gespielt
  • Das Durchschnittsergebnis liegt bei 5 aus 10
Answers on the Grid
Answers color-coded by a green-red scale on the quiz's grid according to % correct below.
Amazonas
Rhein
Ob
Bermejo
Nil
Kongo
Jangtste
Jenissei
Donau
Mississippi
Mekong
Amur
Gelber Fluss
Wolga
 
Antwortstatistiken
Antwort % Korrekt
Amazonas
96%
Nil
90%
Mississippi
56%
Kongo
49%
Jangtste
44%
Mekong
44%
Gelber Fluss
41%
Jenissei
26%
Amur
21%
Ob
19%
Keine übereinstimmenden Quizze gefunden
Verteilung der Resultate
Anzahl Personen mit jedem Resultat
Perzentil nach korrekt beantworteten Fragen
Ihre Resultats-Entwicklung
Sie haben dieses Quiz noch nicht gespielt